[Event "Montreal CC-ch"]
[Site "Montreal CAN"]
[Date "2017.06.09"]
[Round "1.12"]
[White "Jacquet, Stephane"]
[Black "Giroux, Gilbert"]
[Result "1-0"]
[WhiteElo "2053"]
[BlackElo "1405"]
[WhiteFideId "-1"]
[WhiteFideId "-1"]
[PlyCount "65"]
[GameId "2160767908411178"]
[EventDate "2017.06.09"]
[EventType "swiss"]
[EventRounds "5"]
[EventCountry "CAN"]
[SourceTitle "EXT 2022"]
[Source "ChessBase"]
[SourceDate "2021.10.06"]
[SourceVersion "1"]
[SourceVersionDate "2021.10.06"]
[SourceQuality "1"]

1. d4 Nf6 2. c4 g6 3. Nc3 Bg7 4. e4 d6 5. Nf3 O-O 6. Be2 e5 7. O-O Nc6 8. d5 Ne7 9. Ne1 Nd7 10. Be3 f5 11. f3 f4 12. Bf2 g5 13. Rc1 Nf6 14. c5 a6 15. cxd6 cxd6 16. Nd3 Bd7 17. Qb3 b5 18. Nxe5 Kh8 19. Nxd7 Qxd7 20. a4 bxa4 21. Nxa4 Rfb8 22. Nb6 Qd8 23. Qb4 Nfxd5 24. exd5 Nxd5 25. Nxd5 Rxb4 26. Nxb4 Bxb2 27. Rc2 Bg7 28. Rfc1 d5 29. Nc6 Qg8 30. Ne7 Qf7 31. Rc8+ Rxc8 32. Rxc8+ Bf8 33. Bd4+ 1-0

[Event "Montreal CC-ch"]
[Site "Montreal CAN"]
[Date "2017.06.10"]
[Round "2.2"]
[White "Morin, Louis"]
[Black "Yu, Zong Yang"]
[Result "0-1"]
[WhiteElo "1899"]
[BlackElo "2463"]
[WhiteFideId "-1"]
[WhiteFideId "-1"]
[PlyCount "70"]
[GameId "2160767908411180"]
[EventDate "2017.06.09"]
[EventType "swiss"]
[EventRounds "5"]
[EventCountry "CAN"]
[SourceTitle "EXT 2022"]
[Source "ChessBase"]
[SourceDate "2021.10.06"]
[SourceVersion "1"]
[SourceVersionDate "2021.10.06"]
[SourceQuality "1"]

1. e4 c5 2. d4 cxd4 3. c3 Nf6 4. e5 Nd5 5. Qxd4 e6 6. Bc4 Nc6 7. Qe4 d6 8. Nf3 dxe5 9. Nxe5 Bd6 10. Nxc6 bxc6 11. Nd2 O-O 12. Nf3 Qc7 13. O-O e5 14. Rd1 Nf6 15. Qh4 e4 16. Ng5 Bf5 17. Be3 h6 18. Nxf7 Rxf7 19. Bxf7+ Kxf7 20. Bd4 Be5 21. Bxe5 Qxe5 22. Qg3 Qxg3 23. hxg3 Rb8 24. Rd2 Be6 25. b3 a5 26. Rd4 Rb5 27. c4 Rb4 28. f3 a4 29. Rb1 exf3 30. gxf3 Nd7 31. Kf2 Ke7 32. Re4 Nc5 33. Re3 Kf7 34. Ke1 axb3 35. axb3 Bf5 0-1

[Event "Montreal CC-ch"]
[Site "Montreal CAN"]
[Date "2017.06.10"]
[Round "2.3"]
[White "Leveille, Francois"]
[Black "Vignalou, Joseph"]
[Result "1-0"]
[WhiteElo "2310"]
[BlackElo "1861"]
[WhiteFideId "-1"]
[WhiteFideId "-1"]
[PlyCount "51"]
[GameId "2160767908411181"]
[EventDate "2017.06.09"]
[EventType "swiss"]
[EventRounds "5"]
[EventCountry "CAN"]
[SourceTitle "EXT 2022"]
[Source "ChessBase"]
[SourceDate "2021.10.06"]
[SourceVersion "1"]
[SourceVersionDate "2021.10.06"]
[SourceQuality "1"]

1. Nf3 Nf6 2. c4 e6 3. g3 d5 4. Bg2 c6 5. O-O Nbd7 6. d4 Be7 7. Qc2 b5 8. b3 O-O 9. Nbd2 Bb7 10. e4 bxc4 11. e5 Ne8 12. bxc4 Ba6 13. Re1 Nb6 14. c5 Nc4 15. Bf1 Nxd2 16. Bxd2 Bxf1 17. Kxf1 f5 18. Reb1 g5 19. Rb7 Ng7 20. Qa4 f4 21. g4 h5 22. h3 hxg4 23. hxg4 Qe8 24. Qc2 Nf5 25. Ke2 Qg6 26. gxf5 1-0

[Event "Montreal CC-ch"]
[Site "Montreal CAN"]
[Date "2017.06.10"]
[Round "2.6"]
[White "Millette, Sylvain"]
[Black "Lopez Linares, Lizandro"]
[Result "0-1"]
[WhiteElo "1752"]
[BlackElo "2231"]
[WhiteFideId "-1"]
[WhiteFideId "-1"]
[PlyCount "74"]
[GameId "2160767908411184"]
[EventDate "2017.06.09"]
[EventType "swiss"]
[EventRounds "5"]
[EventCountry "CAN"]
[SourceTitle "EXT 2022"]
[Source "ChessBase"]
[SourceDate "2021.10.06"]
[SourceVersion "1"]
[SourceVersionDate "2021.10.06"]
[SourceQuality "1"]

1. Nf3 d5 2. g3 Nf6 3. Bg2 Bf5 4. d3 e6 5. O-O h6 6. Nbd2 Nbd7 7. c4 c6 8. b3 Be7 9. Bb2 O-O 10. h3 a5 11. Ne5 Nxe5 12. Bxe5 a4 13. cxd5 exd5 14. e4 dxe4 15. dxe4 Be6 16. Qc2 Qa5 17. Bc3 Qa7 18. b4 Rfd8 19. a3 Nd7 20. Qb2 f6 21. Rab1 Bd6 22. Nf3 Nb6 23. Bd4 Bb3 24. e5 fxe5 25. Bxe5 Nc4 26. Qc3 Bxe5 27. Nxe5 Nd2 28. Rxb3 axb3 29. Nf3 Nxf1 30. Qxb3+ Kh7 31. Ne5 Qd4 32. Qc2+ Kg8 33. Qb3+ Rd5 34. Ng6 Nd2 35. Bxd5+ cxd5 36. Qc2 Qa1+ 37. Kh2 Nf3+ 0-1

[Event "Montreal CC-ch"]
[Site "Montreal CAN"]
[Date "2017.06.10"]
[Round "2.7"]
[White "Ouellet, Maili-Jade"]
[Black "Turgeon, Yoakim"]
[Result "1-0"]
[WhiteElo "2194"]
[BlackElo "1720"]
[WhiteFideId "-1"]
[WhiteFideId "-1"]
[PlyCount "65"]
[GameId "2160767908411185"]
[EventDate "2017.06.09"]
[EventType "swiss"]
[EventRounds "5"]
[EventCountry "CAN"]
[SourceTitle "EXT 2022"]
[Source "ChessBase"]
[SourceDate "2021.10.06"]
[SourceVersion "1"]
[SourceVersionDate "2021.10.06"]
[SourceQuality "1"]

1. d4 d5 2. c4 e6 3. Nc3 f5 4. Nf3 c6 5. Bf4 Bd6 6. e3 Nf6 7. Bd3 Ne4 8. Qc2 Qc7 9. Bxd6 Qxd6 10. O-O Nd7 11. Nd2 O-O 12. f3 Nxd2 13. Qxd2 dxc4 14. Bxc4 Nb6 15. Bb3 Kh8 16. Rad1 Nd5 17. e4 Nxc3 18. bxc3 b6 19. Rfe1 f4 20. e5 Qe7 21. Re4 g5 22. h4 h6 23. Kf2 Bb7 24. hxg5 hxg5 25. Rh1+ Kg7 26. Qd3 Rh8 27. Ree1 Rh4 28. Bc2 Rah8 29. Qg6+ Kf8 30. Rxh4 gxh4 31. Re4 Qf7 32. Qg4 Ke7 33. Rxf4 1-0

[Event "Montreal CC-ch"]
[Site "Montreal CAN"]
[Date "2017.06.10"]
[Round "2.8"]
[White "Gauthier, Luc"]
[Black "Cloutier, Mathieu"]
[Result "0-1"]
[WhiteElo "1715"]
[BlackElo "2179"]
[WhiteFideId "-1"]
[WhiteFideId "-1"]
[PlyCount "80"]
[GameId "2160767908411186"]
[EventDate "2017.06.09"]
[EventType "swiss"]
[EventRounds "5"]
[EventCountry "CAN"]
[SourceTitle "EXT 2022"]
[Source "ChessBase"]
[SourceDate "2021.10.06"]
[SourceVersion "1"]
[SourceVersionDate "2021.10.06"]
[SourceQuality "1"]

1. e4 c5 2. Nc3 Nc6 3. f4 e6 4. Nf3 d5 5. Bb5 d4 6. Bxc6+ bxc6 7. Ne2 Nf6 8. d3 Be7 9. b3 O-O 10. O-O Qc7 11. h3 Nd7 12. a4 f5 13. e5 Nb6 14. Nd2 Nd5 15. Nc4 Ba6 16. Qe1 Nb4 17. Qd2 Bxc4 18. bxc4 Rad8 19. Ba3 a5 20. Nc1 Kh8 21. Nb3 Rg8 22. Kh2 g5 23. g3 Rg6 24. Rg1 Rdg8 25. Qf2 Qd8 26. Bxb4 cxb4 27. Qf3 c5 28. Qc6 Qf8 29. Nd2 Qh6 30. fxg5 Bxg5 31. Nf3 Be3 32. Nh4 Bxg1+ 33. Rxg1 Qxh4 34. gxh4 Rxg1 35. Qf3 R8g2+ 36. Qxg2 Rxg2+ 37. Kxg2 Kg7 38. Kg3 Kg6 39. Kf4 Kh5 40. Kg3 h6 0-1

[Event "Montreal CC-ch"]
[Site "Montreal CAN"]
[Date "2017.06.10"]
[Round "2.9"]
[White "Libersan, Thierry"]
[Black "Richard, Leo"]
[Result "1/2-1/2"]
[WhiteElo "2162"]
[BlackElo "1667"]
[WhiteFideId "-1"]
[WhiteFideId "-1"]
[PlyCount "100"]
[GameId "2160767908411187"]
[EventDate "2017.06.09"]
[EventType "swiss"]
[EventRounds "5"]
[EventCountry "CAN"]
[SourceTitle "EXT 2022"]
[Source "ChessBase"]
[SourceDate "2021.10.06"]
[SourceVersion "1"]
[SourceVersionDate "2021.10.06"]
[SourceQuality "1"]

1. e4 e5 2. Nf3 Nc6 3. Bb5 Nf6 4. d3 Bc5 5. O-O d6 6. h3 h6 7. c3 O-O 8. Re1 Re8 9. Nbd2 a6 10. Ba4 b5 11. Bb3 Be6 12. Nf1 Bxb3 13. axb3 Qd7 14. b4 Bb6 15. Ng3 a5 16. bxa5 Nxa5 17. Nh4 d5 18. Qf3 dxe4 19. dxe4 Qe6 20. Ngf5 Kh8 21. Qg3 g5 22. Nxh6 gxh4 23. Qxh4 Nh7 24. Qh5 Qg6 25. Nxf7+ Kg7 26. Qxg6+ Kxg6 27. Nxe5+ Rxe5 28. b4 Rf8 29. Be3 Bxe3 30. Rxe3 Nc4 31. Rg3+ Rg5 32. Ra6+ Rf6 33. Rxg5+ Nxg5 34. Rxf6+ Kxf6 35. f3 Nd2 36. Kf2 Nb1 37. Ke3 Ne6 38. Kd3 Ke5 39. g3 Na3 40. h4 Nc4 41. h5 Kf6 42. f4 Kg7 43. f5 Ng5 44. Kd4 c6 45. g4 Nf7 46. Kc5 Nce5 47. Kd4 Kh6 48. Ke3 Kg5 49. Kd4 Nxg4 50. c4 bxc4 1/2-1/2

[Event "Montreal CC-ch"]
[Site "Montreal CAN"]
[Date "2017.06.10"]
[Round "2.10"]
[White "Singher, Jean-Pierre"]
[Black "Lamoureux, Yvon"]
[Result "1-0"]
[WhiteElo "2095"]
[BlackElo "1655"]
[WhiteFideId "-1"]
[WhiteFideId "-1"]
[PlyCount "67"]
[GameId "2160767908411188"]
[EventDate "2017.06.09"]
[EventType "swiss"]
[EventRounds "5"]
[EventCountry "CAN"]
[SourceTitle "EXT 2022"]
[Source "ChessBase"]
[SourceDate "2021.10.06"]
[SourceVersion "1"]
[SourceVersionDate "2021.10.06"]
[SourceQuality "1"]

1. d4 Nf6 2. Nf3 c5 3. e3 e6 4. c4 d5 5. Nc3 Nc6 6. a3 a6 7. Bd3 dxc4 8. Bxc4 cxd4 9. exd4 Be7 10. O-O O-O 11. Re1 b5 12. Bd3 h6 13. Bf4 Bd6 14. Be5 Bxe5 15. dxe5 Nd7 16. b4 Bb7 17. Qe2 Ne7 18. Ne4 Bxe4 19. Qxe4 g6 20. h4 Nb6 21. h5 Qd5 22. Qe3 Kg7 23. Be4 Nc4 24. Qe2 Qd7 25. Bxa8 Rxa8 26. Red1 Qc7 27. Rac1 Nc6 28. hxg6 fxg6 29. Rxc4 bxc4 30. Qxc4 Rc8 31. Qxe6 Ne7 32. Rd7 Qc1+ 33. Kh2 Qf4+ 34. g3 1-0

[Event "Montreal CC-ch"]
[Site "Montreal CAN"]
[Date "2017.06.10"]
[Round "2.11"]
[White "Chira, Dan"]
[Black "Jacquet, Stephane"]
[Result "0-1"]
[WhiteElo "1659"]
[BlackElo "2053"]
[WhiteFideId "-1"]
[WhiteFideId "-1"]
[PlyCount "55"]
[GameId "2160767908411189"]
[EventDate "2017.06.09"]
[EventType "swiss"]
[EventRounds "5"]
[EventCountry "CAN"]
[SourceTitle "EXT 2022"]
[Source "ChessBase"]
[SourceDate "2021.10.06"]
[SourceVersion "1"]
[SourceVersionDate "2021.10.06"]
[SourceQuality "1"]

1. Nf3 Nf6 2. d4 d5 3. Bf4 c5 4. e3 Bg4 5. Be2 Nc6 6. c3 e6 7. Ne5 Nxe5 8. dxe5 Bxe2 9. Qxe2 Nd7 10. O-O Qb6 11. Na3 c4 12. e4 Bxa3 13. bxa3 Qc6 14. exd5 exd5 15. Rfe1 O-O 16. Rad1 Nc5 17. h3 Nd3 18. Rxd3 cxd3 19. Qxd3 Rac8 20. Re3 Qc4 21. Qd4 Qxd4 22. cxd4 Rc1+ 23. Kh2 Rc2 24. Rg3 Rfc8 25. Rb3 b6 26. Rb5 Rd8 27. Rb3 Rxf2 28. Rc3 0-1

[Event "Montreal CC-ch"]
[Site "Montreal CAN"]
[Date "2017.06.10"]
[Round "2.12"]
[White "Gauthier, Denis"]
[Black "Rebhi, Mohamed"]
[Result "1-0"]
[WhiteElo "1958"]
[BlackElo "1322"]
[WhiteFideId "-1"]
[WhiteFideId "-1"]
[PlyCount "69"]
[GameId "2160767908411190"]
[EventDate "2017.06.09"]
[EventType "swiss"]
[EventRounds "5"]
[EventCountry "CAN"]
[SourceTitle "EXT 2022"]
[Source "ChessBase"]
[SourceDate "2021.10.06"]
[SourceVersion "1"]
[SourceVersionDate "2021.10.06"]
[SourceQuality "1"]

1. d4 d5 2. c4 Bf5 3. cxd5 Qxd5 4. Nc3 Qa5 5. Nf3 Nc6 6. e3 e6 7. Bd2 Bb4 8. a3 Bxc3 9. Bxc3 Qb6 10. Be2 Nge7 11. b4 Nd5 12. Bb2 O-O 13. O-O Rfe8 14. Qb3 Be4 15. Nd2 Bg6 16. Nc4 Qb5 17. Rfe1 Red8 18. Ne5 Qb6 19. Nc4 Qb5 20. Ne5 Qb6 21. Nxg6 hxg6 22. Rac1 Nce7 23. Rc5 c6 24. Qc2 f5 25. Bf3 Kf7 26. e4 Nf6 27. Qe2 Rh8 28. exf5 Qc7 29. fxe6+ Kf8 30. g3 Nf5 31. d5 Rd8 32. Be5 Nd6 33. Bxf6 gxf6 34. e7+ Qxe7 35. Qxe7+ 1-0

[Event "Montreal CC-ch"]
[Site "Montreal CAN"]
[Date "2017.06.10"]
[Round "3.2"]
[White "Yu, Zong Yang"]
[Black "Singher, Jean-Pierre"]
[Result "1-0"]
[WhiteElo "2463"]
[BlackElo "2095"]
[WhiteFideId "-1"]
[WhiteFideId "-1"]
[PlyCount "57"]
[GameId "2160767908411192"]
[EventDate "2017.06.09"]
[EventType "swiss"]
[EventRounds "5"]
[EventCountry "CAN"]
[SourceTitle "EXT 2022"]
[Source "ChessBase"]
[SourceDate "2021.10.06"]
[SourceVersion "1"]
[SourceVersionDate "2021.10.06"]
[SourceQuality "1"]

1. d4 d5 2. c4 e6 3. Nc3 Nf6 4. Bg5 Nbd7 5. e3 c6 6. cxd5 exd5 7. Bd3 Be7 8. Qc2 O-O 9. Nge2 Re8 10. O-O Nf8 11. f3 Ng6 12. e4 dxe4 13. fxe4 Ng4 14. Bxe7 Qxe7 15. Qd2 c5 16. h3 Nf6 17. e5 cxd4 18. exf6 dxc3 19. Nxc3 Qe3+ 20. Qxe3 Rxe3 21. Be4 Rg3 22. Rad1 Be6 23. Bxb7 Rb8 24. Ne4 Re3 25. Kf2 Rxe4 26. Bxe4 Rxb2+ 27. Kg3 gxf6 28. Rxf6 Bxa2 29. Rf2 1-0

[Event "Montreal CC-ch"]
[Site "Montreal CAN"]
[Date "2017.06.10"]
[Round "3.3"]
[White "Cloutier, Mathieu"]
[Black "Leveille, Francois"]
[Result "0-1"]
[WhiteElo "2179"]
[BlackElo "2310"]
[WhiteFideId "-1"]
[WhiteFideId "-1"]
[PlyCount "66"]
[GameId "2160767908411193"]
[EventDate "2017.06.09"]
[EventType "swiss"]
[EventRounds "5"]
[EventCountry "CAN"]
[SourceTitle "EXT 2022"]
[Source "ChessBase"]
[SourceDate "2021.10.06"]
[SourceVersion "1"]
[SourceVersionDate "2021.10.06"]
[SourceQuality "1"]

1. e4 c6 2. d4 d5 3. Nc3 dxe4 4. Nxe4 Bf5 5. Ng3 Bg6 6. h4 h6 7. h5 Bh7 8. Nf3 Nd7 9. Bd3 Bxd3 10. Qxd3 e6 11. Bf4 Qa5+ 12. Bd2 Bb4 13. a3 Bxd2+ 14. Nxd2 Ngf6 15. O-O-O O-O 16. Nde4 Rfd8 17. Nxf6+ Nxf6 18. Ne4 Qf5 19. Nxf6+ Qxf6 20. Qe3 Rd5 21. f4 Rc8 22. c4 c5 23. dxc5 Rdxc5 24. b3 Qa1+ 25. Kd2 Qxa3 26. Ke2 b5 27. Rd2 bxc4 28. Rhd1 Rd5 29. Rxd5 exd5 30. Rxd5 cxb3 31. Rd3 Qa4 32. Kf3 Re8 33. Qd2 b2 0-1

[Event "Montreal CC-ch"]
[Site "Montreal CAN"]
[Date "2017.06.10"]
[Round "3.6"]
[White "Zheng, Richard"]
[Black "Tremblay, Alain"]
[Result "0-1"]
[WhiteElo "1928"]
[BlackElo "2155"]
[WhiteFideId "-1"]
[WhiteFideId "-1"]
[PlyCount "126"]
[GameId "2160767908411196"]
[EventDate "2017.06.09"]
[EventType "swiss"]
[EventRounds "5"]
[EventCountry "CAN"]
[SourceTitle "EXT 2022"]
[Source "ChessBase"]
[SourceDate "2021.10.06"]
[SourceVersion "1"]
[SourceVersionDate "2021.10.06"]
[SourceQuality "1"]

1. d4 d6 2. e4 g6 3. Be3 Bg7 4. Be2 a6 5. Bf3 Nd7 6. Nd2 Ngf6 7. Ne2 Rb8 8. a4 b6 9. O-O O-O 10. Nc3 Bb7 11. g3 c5 12. Bg2 Qc7 13. f4 cxd4 14. Bxd4 e5 15. fxe5 Nxe5 16. Bxe5 dxe5 17. Nb3 Qc4 18. Qd3 Qxd3 19. cxd3 Rfd8 20. Rad1 Rbc8 21. Rfe1 Bf8 22. Bf1 Bb4 23. Rc1 Bc6 24. Nd2 Bc5+ 25. Kg2 Ng4 26. Nc4 b5 27. axb5 axb5 28. Be2 bxc4 29. Bxg4 f5 30. Bf3 Rxd3 31. Nd5 Bxd5 32. exd5 Bd4 33. Be2 Rd2 34. Kf1 Kg7 35. Red1 Rxd1+ 36. Rxd1 Bxb2 37. d6 c3 38. Bd3 Rd8 39. Bc2 Kf6 40. d7 Ke7 41. Ba4 e4 42. Ke2 Ba3 43. Ke3 Kf6 44. Rb1 Rxd7 45. Bxd7 c2 46. Rf1 c1=Q+ 47. Rxc1 Bxc1+ 48. Ke2 Ke5 49. Bc8 g5 50. Kd1 Be3 51. Ke2 Bg1 52. Kf1 Bxh2 53. Kg2 Bxg3 54. Kxg3 f4+ 55. Kf2 h5 56. Ba6 g4 57. Be2 Kd4 58. Bd1 e3+ 59. Kg2 Kd3 60. Kf1 Kd2 61. Be2 f3 62. Bd3 Kxd3 63. Ke1 g3 0-1

[Event "Montreal CC-ch"]
[Site "Montreal CAN"]
[Date "2017.06.10"]
[Round "3.7"]
[White "Libersan, Thierry"]
[Black "Kay, Sang Kill"]
[Result "1-0"]
[WhiteElo "2162"]
[BlackElo "1578"]
[WhiteFideId "-1"]
[WhiteFideId "-1"]
[PlyCount "71"]
[GameId "2160767908411197"]
[EventDate "2017.06.09"]
[EventType "swiss"]
[EventRounds "5"]
[EventCountry "CAN"]
[SourceTitle "EXT 2022"]
[Source "ChessBase"]
[SourceDate "2021.10.06"]
[SourceVersion "1"]
[SourceVersionDate "2021.10.06"]
[SourceQuality "1"]

1. e4 g6 2. d4 Bg7 3. c4 c5 4. d5 d6 5. Nc3 Nf6 6. Be2 Qa5 7. Bd2 Qb6 8. Qc2 Nbd7 9. h3 O-O 10. Nf3 Ne8 11. g4 e5 12. O-O-O Nb8 13. g5 Na6 14. a3 Bd7 15. h4 f5 16. gxf6 Nxf6 17. Ng5 Qd8 18. Rdg1 Qe8 19. Qd3 Nc7 20. Rh2 a6 21. h5 b5 22. hxg6 hxg6 23. Rhg2 bxc4 24. Qg3 Nb5 25. Nxb5 Bxb5 26. Qc3 Rb8 27. f3 Nh5 28. Ne6 Rf6 29. Bxc4 Bxc4 30. Qxc4 Kh7 31. Qxa6 Rxe6 32. dxe6 Qxe6 33. Rxg6 Qh3 34. Bc3 Bh6+ 35. Rxh6+ Kxh6 36. Qxd6+ 1-0

[Event "Montreal CC-ch"]
[Site "Montreal CAN"]
[Date "2017.06.10"]
[Round "3.8"]
[White "Richard, Leo"]
[Black "Barko, Maxim"]
[Result "0-1"]
[WhiteElo "1667"]
[BlackElo "1851"]
[WhiteFideId "-1"]
[WhiteFideId "-1"]
[PlyCount "52"]
[GameId "2160767908411198"]
[EventDate "2017.06.09"]
[EventType "swiss"]
[EventRounds "5"]
[EventCountry "CAN"]
[SourceTitle "EXT 2022"]
[Source "ChessBase"]
[SourceDate "2021.10.06"]
[SourceVersion "1"]
[SourceVersionDate "2021.10.06"]
[SourceQuality "1"]

1. e4 c5 2. Nf3 Nc6 3. d4 cxd4 4. Nxd4 Nf6 5. Nc3 e5 6. Ndb5 d6 7. Bg5 a6 8. Na3 b5 9. Nd5 Be7 10. Bxf6 Bxf6 11. c4 Bg5 12. cxb5 Nd4 13. b6 O-O 14. Bc4 Kh8 15. O-O Bb7 16. Nc2 Ne6 17. a4 Rc8 18. Qe2 Bxd5 19. Bxd5 Qxb6 20. Bxe6 fxe6 21. Na3 Rc7 22. Qg4 h6 23. Qxe6 Rcf7 24. Kh1 Rxf2 25. Rfd1 Qxb2 26. Qh3 Qxa1 0-1

[Event "Montreal CC-ch"]
[Site "Montreal CAN"]
[Date "2017.06.10"]
[Round "3.9"]
[White "O'Neill, Brendon"]
[Black "Jauffred, Jeremy"]
[Result "1-0"]
[WhiteElo "1696"]
[BlackElo "1331"]
[WhiteFideId "-1"]
[WhiteFideId "-1"]
[PlyCount "125"]
[GameId "2160767908411199"]
[EventDate "2017.06.09"]
[EventType "swiss"]
[EventRounds "5"]
[EventCountry "CAN"]
[SourceTitle "EXT 2022"]
[Source "ChessBase"]
[SourceDate "2021.10.06"]
[SourceVersion "1"]
[SourceVersionDate "2021.10.06"]
[SourceQuality "1"]

1. e4 e5 2. Nf3 Nc6 3. Bb5 Bc5 4. O-O Nf6 5. d3 Ng4 6. Bg5 f6 7. Bh4 d6 8. h3 Nh6 9. Nh2 Be6 10. c3 O-O 11. Nd2 Nf7 12. Ndf3 Bd7 13. Ba4 Ng5 14. Qd2 Ne6 15. Bc2 Nf4 16. Bg3 Ng6 17. Nh4 Qe8 18. Nxg6 Qxg6 19. Nf3 Qxg3 20. d4 Qg6 21. dxc5 Bxh3 22. Nh4 Qg4 23. Kh2 Qxh4 24. gxh3 dxc5 25. Rg1 Rad8 26. Qe3 Qf4+ 27. Qxf4 exf4 28. Rad1 Ne5 29. Kg2 f3+ 30. Kg3 b5 31. b3 c6 32. Rxd8 Rxd8 33. Rd1 Rxd1 34. Bxd1 Kf7 35. Bxf3 Nxf3 36. Kxf3 Ke6 37. Ke3 g5 38. f4 h5 39. Kf3 a5 40. a3 b4 41. axb4 axb4 42. c4 Kf7 43. Kg3 Kg6 44. Kf3 f5 45. e5 g4+ 46. Kg3 gxh3 47. Kxh3 Kf7 48. Kh4 Kg6 49. e6 Kf6 50. Kxh5 Kxe6 51. Kg5 Kf7 52. Kxf5 Ke7 53. Kg6 Kf8 54. Kf6 Kg8 55. Ke7 Kg7 56. f5 Kg8 57. f6 Kh8 58. f7 Kg7 59. f8=Q+ Kh7 60. Qf5+ Kg8 61. Qg4+ Kh7 62. Kf6 Kh6 63. Qg6# 1-0

[Event "Montreal CC-ch"]
[Site "Montreal CAN"]
[Date "2017.06.10"]
[Round "3.10"]
[White "Huang, Qiuyu"]
[Black "Neron, Raynald"]
[Result "1-0"]
[WhiteElo "2251"]
[BlackElo "1543"]
[WhiteFideId "-1"]
[WhiteFideId "-1"]
[PlyCount "53"]
[GameId "2160767908411200"]
[EventDate "2017.06.09"]
[EventType "swiss"]
[EventRounds "5"]
[EventCountry "CAN"]
[SourceTitle "EXT 2022"]
[Source "ChessBase"]
[SourceDate "2021.10.06"]
[SourceVersion "1"]
[SourceVersionDate "2021.10.06"]
[SourceQuality "1"]

1. e4 c5 2. Nf3 e6 3. d4 cxd4 4. Nxd4 d6 5. c4 Nc6 6. Nc3 Nf6 7. Be3 Be7 8. Nb3 b6 9. f4 Bb7 10. Bd3 Rc8 11. a3 Nd7 12. O-O Bf6 13. Nb5 Nc5 14. Nxc5 bxc5 15. Bc2 Be7 16. Qg4 O-O 17. Rad1 Qb6 18. Qh3 g6 19. b3 Rfd8 20. f5 a6 21. Nc3 Nd4 22. fxe6 Nxe6 23. Rxf7 Kxf7 24. Rf1+ Bf6 25. Qxh7+ Ng7 26. Bg5 d5 27. exd5 1-0

[Event "Montreal CC-ch"]
[Site "Montreal CAN"]
[Date "2017.06.10"]
[Round "3.11"]
[White "Democri, Radin"]
[Black "Guipi Bopala, Prince Eric jr"]
[Result "0-1"]
[WhiteElo "1493"]
[BlackElo "1922"]
[WhiteFideId "-1"]
[WhiteFideId "-1"]
[PlyCount "62"]
[GameId "2160767908411201"]
[EventDate "2017.06.09"]
[EventType "swiss"]
[EventRounds "5"]
[EventCountry "CAN"]
[SourceTitle "EXT 2022"]
[Source "ChessBase"]
[SourceDate "2021.10.06"]
[SourceVersion "1"]
[SourceVersionDate "2021.10.06"]
[SourceQuality "1"]

1. e4 d5 2. exd5 Qxd5 3. Nc3 Qa5 4. d3 Nf6 5. Nf3 Bg4 6. g3 Nbd7 7. Bg2 c6 8. O-O Qf5 9. Re1 e6 10. Bf4 h5 11. Qd2 Bxf3 12. Bxf3 h4 13. Ne4 hxg3 14. fxg3 e5 15. Nxf6+ gxf6 16. Be4 Qh5 17. Be3 f5 18. Bh1 a6 19. Qf2 O-O-O 20. a3 Bd6 21. Re2 Rdg8 22. Kf1 Qh3+ 23. Ke1 Re8 24. Kd2 f4 25. gxf4 exf4 26. Bxf4 Rxe2+ 27. Kxe2 Qg4+ 28. Ke3 Re8+ 29. Be4 Bc5+ 30. d4 f5 31. dxc5 Rxe4+ 0-1

[Event "Montreal CC-ch"]
[Site "Montreal CAN"]
[Date "2017.06.10"]
[Round "3.12"]
[White "Nesterov, Timour"]
[Black "Houde Billette, Felix"]
[Result "1/2-1/2"]
[WhiteElo "1906"]
[BlackElo "1440"]
[WhiteFideId "-1"]
[WhiteFideId "-1"]
[PlyCount "69"]
[GameId "2160767908411202"]
[EventDate "2017.06.09"]
[EventType "swiss"]
[EventRounds "5"]
[EventCountry "CAN"]
[SourceTitle "EXT 2022"]
[Source "ChessBase"]
[SourceDate "2021.10.06"]
[SourceVersion "1"]
[SourceVersionDate "2021.10.06"]
[SourceQuality "1"]

1. d4 d5 2. Bf4 c6 3. e3 Bf5 4. Nf3 e6 5. Nbd2 Bd6 6. Bg3 Bxg3 7. hxg3 Bg4 8. c4 Nf6 9. Be2 Nbd7 10. Qc2 Bf5 11. Bd3 Bxd3 12. Qxd3 dxc4 13. Nxc4 Nc5 14. Qc2 Nce4 15. Nfd2 Qd5 16. Nxe4 Nxe4 17. Rc1 Nd6 18. Nxd6+ Qxd6 19. a3 Qd5 20. Kf1 Qb5+ 21. Kg1 Rd8 22. Rh4 h6 23. Qc3 O-O 24. b3 Qg5 25. a4 Rd7 26. b4 Rfd8 27. Qc5 Qxc5 28. Rxc5 Rd5 29. Kf1 Rxc5 30. bxc5 Rd5 31. Ke2 b6 32. cxb6 axb6 33. Rh1 c5 34. dxc5 Rxc5 35. Rb1 1/2-1/2

[Event "Montreal CC-ch"]
[Site "Montreal CAN"]
[Date "2017.06.11"]
[Round "4.4"]
[White "Lopez Linares, Lizandro"]
[Black "O'Neill, Brendon"]
[Result "1-0"]
[WhiteElo "2231"]
[BlackElo "1696"]
[WhiteFideId "-1"]
[WhiteFideId "-1"]
[PlyCount "85"]
[GameId "2160767908411206"]
[EventDate "2017.06.09"]
[EventType "swiss"]
[EventRounds "5"]
[EventCountry "CAN"]
[SourceTitle "EXT 2022"]
[Source "ChessBase"]
[SourceDate "2021.10.06"]
[SourceVersion "1"]
[SourceVersionDate "2021.10.06"]
[SourceQuality "1"]

1. d4 Nf6 2. Nf3 g6 3. Bg5 Bg7 4. Nbd2 O-O 5. c3 d6 6. e4 Nbd7 7. Bc4 e5 8. O-O Qe8 9. Re1 Nb6 10. Bb3 Be6 11. Qe2 Bxb3 12. axb3 Nh5 13. Ra5 h6 14. Be3 Nf4 15. Qf1 g5 16. g3 Ng6 17. Qh3 Qe7 18. dxe5 dxe5 19. Bc5 Qd8 20. Bxf8 Qxf8 21. Nc4 Nxc4 22. bxc4 Qd8 23. Rd5 Qf6 24. Kg2 Qb6 25. b4 c6 26. Rd6 a5 27. Ra1 a4 28. Ra3 Nf8 29. Qf5 Qc7 30. c5 b5 31. Nxe5 Rd8 32. Rxd8 Qxd8 33. Qxf7+ Kh7 34. Qf5+ Kg8 35. Nxc6 Qc7 36. Qd5+ Kh8 37. e5 Nd7 38. c4 Qb7 39. cxb5 Nxe5 40. Rxa4 Qxb5 41. Ra8+ Kh7 42. Nxe5 Bxe5 43. Qg8# 1-0